[Event "mature men 11"]
[Site "SchemingMind.com"]
[Date "2007.01.16"]
[Round "-"]
[White "simon_w"]
[Black "ekulrac"]
[Result "1/2-1/2"]
[WhiteCountry "IRL"]
[BlackCountry "SCO"]
[WhiteElo "1719"]
[WhiteRD "66"]
[BlackElo "1710"]
[BlackRD "52"]
[GameID "86618"]

1. e4 Nc6 2. Bc4 e5 3. d3 Nf6 4. Bg5 Be7 5. Nf3 O-O 6. O-O d6 7. h3 Be6 8. Bxe6 fxe6 9. Nbd2 d5 10. c3 dxe4
11. dxe4 Qd3 12. Qb3 Qd7 13. Rad1 Na5 14. Nxe5 Nxb3 15. Nxd7 Nxd2 16. Nxf6+ Bxf6 17. Bxd2 Rad8 18. f4 e5 19. fxe5 Bxe5 20. Rxf8+ Kxf8
21. Rf1+ Ke8 22. Be3 a6 23. g4 Rd3 24. Rf3 Kd7 25. Kf2 Rd1 26. Rf5 Ke6 27. g5 g6 28. Rf3 Ra1 29. Bd4 Rxa2 30. Bxe5 Kxe5
31. Ke3 Rxb2 32. Rf7 Rh2 33. Rxh7 Rg2 34. Rxc7 Rg3+ 35. Kd2 Kxe4=
1/2-1/2

[Event "mature men 11"]
[Site "SchemingMind.com"]
[Date "2007.01.16"]
[Round "-"]
[White "ekulrac"]
[Black "simon_w"]
[Result "1-0"]
[WhiteCountry "SCO"]
[BlackCountry "IRL"]
[WhiteElo "1711"]
[WhiteRD "50"]
[BlackElo "1700"]
[BlackRD "70"]
[GameID "86619"]

1. e4 e5 2. Nf3 Nc6 3. Bb5 Bd6 4. d4 exd4 5. Bxc6 bxc6 6. Nxd4 Qf6 7. O-O Ne7 8. f4 Bc5 9. Be3 d6 10. c3 h6
11. Kh1 Bb6 12. Nd2 g6 13. e5 dxe5 14. fxe5 Qg7 15. Ne4 Nd5 16. Nf6+ Nxf6 17. exf6 Qh7 18. Nxc6 O-O 19. Bxb6 axb6 20. Ne7+ Kh8
21. Nxc8 Raxc8 22. Re1 g5 23. Re7 Rce8 24. Qd7 Rd8 25. Qxc7 Qf5 26. Rxf7 Rxf7 27. Qxf7 Rg8 28. Qe7 Qc8 29. Re1 b5 30. f7 Rf8
31. Qf6+
1-0

[Event "mature men 11"]
[Site "SchemingMind.com"]
[Date "2007.01.22"]
[Round "-"]
[White "daraimeister"]
[Black "simon_w"]
[Result "0-1"]
[WhiteCountry "HUN"]
[BlackCountry "IRL"]
[WhiteElo "1714"]
[WhiteRD "92"]
[BlackElo "1685"]
[BlackRD "71"]
[GameID "87453"]

1. Nf3 Nf6 2. g3 Nc6 3. Bg2 e5 4. d3 h6 5. e4 d5 6. Nbd2 d4 7. O-O Bg4 8. h3 Bxf3 9. Nxf3 Qd7 10. a3 g5
11. b4 Qe6 12. b5 Ne7 13. c4 g4 14. hxg4 Nxg4 15. Qa4 c6 16. b6 a6 17. Nh4 Ng6 18. Nxg6 Qxg6 19. f4 Qh5 20. Rf3 Qh2+
21. Kf1 h5 22. fxe5 Nxe5 23. Rf6 Be7 24. Rf5 Qxg3 25. Rxe5 Qxe5
0-1

[Event "mature men 11"]
[Site "SchemingMind.com"]
[Date "2007.01.17"]
[Round "-"]
[White "daraimeister"]
[Black "ekulrac"]
[Result "1-0"]
[WhiteCountry "HUN"]
[BlackCountry "SCO"]
[WhiteElo "1738"]
[WhiteRD "81"]
[BlackElo "1712"]
[BlackRD "49"]
[GameID "87454"]

1. e4 Nc6 2. d4 e5 3. dxe5 Nxe5 4. Nf3 Ng6 5. Bc4 Be7 6. Qd5 Nh6 7. Bxh6 O-O 8. Be3 d6 9. Nc3 Be6 10. Qd3 Bxc4
11. Qxc4 Ne5 12. Nxe5 dxe5 13. O-O c6 14. Rad1 Qc8 15. f4 exf4 16. Bxf4 Qg4 17. Qe2 Qxe2 18. Nxe2 Rad8 19. Nc3 Rfe8 20. Rxd8 Bxd8
21. Rd1 b5 22. a3 a5 23. Kf2 f6 24. Kf3 Bb6 25. Rd6 Rc8 26. g4 g5 27. Bg3 Bc5 28. Rd3
1-0

[Event "mature men 11"]
[Site "SchemingMind.com"]
[Date "2007.01.22"]
[Round "-"]
[White "simon_w"]
[Black "daraimeister"]
[Result "0-1"]
[WhiteCountry "IRL"]
[BlackCountry "HUN"]
[WhiteElo "1719"]
[WhiteRD "66"]
[BlackElo "1733"]
[BlackRD "83"]
[GameID "87455"]

1. e4 e5 2. Nf3 Nc6 3. Bb5 a6 4. Bxc6 dxc6 5. Nxe5 Qd4 6. Ng4 Qxe4+ 7. Ne3 Be6 8. d3 Qg6 9. Nc3 O-O-O 10. g3 Nf6
11. h3 h5 12. b3 Bd6 13. Nf1 Rhe8 14. Be3 Bd5 15. Nxd5 Nxd5 16. Qf3 Nb4 17. Kd2 Be5 18. Re1 Nxd3
0-1

[Event "mature men 11"]
[Site "SchemingMind.com"]
[Date "2007.01.18"]
[Round "-"]
[White "ekulrac"]
[Black "daraimeister"]
[Result "1-0"]
[WhiteCountry "SCO"]
[BlackCountry "HUN"]
[WhiteElo "1712"]
[WhiteRD "49"]
[BlackElo "1738"]
[BlackRD "81"]
[GameID "87456"]

1. e4 e5 2. Nf3 Nc6 3. Bb5 f5 4. d3 Nf6 5. exf5 Bc5 6. O-O O-O 7. Bxc6 dxc6 8. Nxe5 Bxf5 9. Bg5 h6 10. Bh4 g5
11. Bg3 Qe7 12. d4 Rad8 13. c3 Qg7 14. Qb3+ Kh7 15. dxc5 h5 16. h4 Ne4 17. Nf3 g4 18. Nd4 Nxg3 19. fxg3 Bd3 20. Nd2 Bxf1
21. Rxf1 Rxf1+ 22. Nxf1 Rf8 23. Ne6 Rxf1+ 24. Kxf1 Qf6+ 25. Nf4 b5 26. Qc2+ Kh8 27. Qg6
1-0

[Event "mature men 11"]
[Site "SchemingMind.com"]
[Date "2007.01.22"]
[Round "-"]
[White "badbishop"]
[Black "simon_w"]
[Result "1-0"]
[WhiteCountry "POL"]
[BlackCountry "IRL"]
[WhiteElo "2121"]
[WhiteRD "91"]
[BlackElo "1700"]
[BlackRD "70"]
[GameID "87522"]

1. d4 d5 2. c4 dxc4 3. e4 b5 4. a4 Ba6 5. axb5 Bxb5 6. Nc3 c6 7. b3 cxb3 8. Nxb5 cxb5 9. Bxb5+ Nd7 10. Qxb3 e6
11. Nf3 Nf6 12. Ne5 h6 13. O-O Be7 14. Qa4 a6 15. Bd2 Qc8 16. Rfc1 Qb7 17. Bxd7+ Nxd7 18. Rab1
1-0

[Event "mature men 11"]
[Site "SchemingMind.com"]
[Date "2007.01.18"]
[Round "-"]
[White "badbishop"]
[Black "daraimeister"]
[Result "1-0"]
[WhiteCountry "POL"]
[BlackCountry "HUN"]
[WhiteElo "2019"]
[WhiteRD "124"]
[BlackElo "1738"]
[BlackRD "81"]
[GameID "87523"]

1. d4 Nf6 2. c4 e5 3. dxe5 Ne4 4. Nf3 Nc6 5. a3 d6 6. Qc2 Bf5 7. Nc3 Ng3 8. e4 Nxh1 9. exf5 dxe5 10. Be3 Bd6
11. O-O-O Nd4 12. Nxd4 exd4 13. Bxd4 Qg5+ 14. Be3 Bf4 15. Qe4+
1-0

[Event "mature men 11"]
[Site "SchemingMind.com"]
[Date "2007.01.18"]
[Round "-"]
[White "badbishop"]
[Black "ekulrac"]
[Result "1-0"]
[WhiteCountry "POL"]
[BlackCountry "SCO"]
[WhiteElo "2121"]
[WhiteRD "91"]
[BlackElo "1711"]
[BlackRD "50"]
[GameID "87524"]

1. d4 Nf6 2. c4 g6 3. Nc3 Bg7 4. e4 d6 5. f4 O-O 6. Nf3 Nc6 7. d5 Nb4 8. a3 Na6 9. Bd3 Nc5 10. Bc2 a5
11. O-O b6 12. Be3 a4 13. Bxc5 bxc5 14. Bxa4 Ba6 15. Qd3 Rb8 16. Rfb1 Nh5 17. g3 Bc8 18. b4 Bg4 19. Bd1 Bxf3 20. Bxf3 Bd4+
21. Kg2 Ng7 22. Ra2 e5 23. Ne2 f5 24. b5 g5 25. exf5 gxf4 26. Nxd4 exd4 27. g4 Qh4 28. Re2 Rbe8 29. Re6 Nxe6 30. dxe6 Re7
31. Qe4 Rf6 32. Qxf4 h5 33. h3 Kf8 34. b6 cxb6 35. Qxd6 Rh6 36. Rxb6 Qf6 37. Rb7 Rh7 38. Qd8+
1-0

[Event "mature men 11"]
[Site "SchemingMind.com"]
[Date "2007.01.22"]
[Round "-"]
[White "simon_w"]
[Black "badbishop"]
[Result "0-1"]
[WhiteCountry "IRL"]
[BlackCountry "POL"]
[WhiteElo "1719"]
[WhiteRD "66"]
[BlackElo "2151"]
[BlackRD "83"]
[GameID "87525"]

1. e4 e6 2. a3 d5 3. exd5 exd5 4. d4 Bd6 5. Nc3 c6 6. Bd3 Ne7 7. h3 Bf5 8. Nf3 O-O 9. Be3 Nd7 10. g4 Bxd3
11. Qxd3 f5 12. g5 Nb6 13. h4 f4 14. Bd2 Qd7 15. O-O-O Nc4 16. Na4 b5 17. Nc5 Bxc5 18. dxc5 a5 19. h5 Qa7 20. Bc3 b4
21. Bxg7 Kxg7 22. h6+ Kg8 23. Nh4 Ne5 24. Qd4 N7g6 25. Nxg6 Nxg6 26. a4 Qf7 27. b3 Ra7 28. f3 Re8 29. Rhe1 Rae7 30. Rxe7 Qxe7
31. Rd3 Qe5 32. Qxe5 Nxe5 33. Rd2 Nxf3 34. Rg2 Kf7 35. Rg4 Kg6
0-1

[Event "mature men 11"]
[Site "SchemingMind.com"]
[Date "2007.01.18"]
[Round "-"]
[White "daraimeister"]
[Black "badbishop"]
[Result "0-1"]
[WhiteCountry "HUN"]
[BlackCountry "POL"]
[WhiteElo "1738"]
[WhiteRD "81"]
[BlackElo "2019"]
[BlackRD "124"]
[GameID "87526"]

1. e4 e6 2. d4 d5 3. Nc3 Bb4 4. e5 c5 5. a3 Bxc3+ 6. bxc3 Ne7 7. Nh3 Qc7 8. Bb5+ Bd7 9. Bxd7+ Nxd7 10. O-O Rc8
11. Qg4 O-O 12. Bg5 Nf5 13. Be3 cxd4 14. cxd4 Qxc2 15. Ng5 Rc4 16. Rac1 Nxe3 17. fxe3 Qxc1 18. Rxc1 Rxc1+ 19. Kf2 h6 20. Nh3 Rfc8
21. Nf4 R8c2+ 22. Kg3 Nf8 23. h4 Rc3 24. Nh5 Ng6 25. Nf6+ gxf6 26. h5 Rxe3+
0-1

[Event "mature men 11"]
[Site "SchemingMind.com"]
[Date "2007.01.18"]
[Round "-"]
[White "ekulrac"]
[Black "badbishop"]
[Result "0-1"]
[WhiteCountry "SCO"]
[BlackCountry "POL"]
[WhiteElo "1712"]
[WhiteRD "49"]
[BlackElo "2019"]
[BlackRD "124"]
[GameID "87527"]

1. e4 c6 2. d4 d5 3. e5 Bf5 4. Bd3 Bxd3 5. Qxd3 e6 6. Nf3 Qa5+ 7. Nc3 Qa6 8. Qxa6 Nxa6 9. a3 c5 10. Be3 b6
11. O-O Ne7 12. h4 Nc6 13. Nb5 h6 14. c3 c4 15. Nd2 Kd7 16. f4 g6 17. g4 Be7 18. Bf2 h5 19. g5 Na5 20. a4 Nb8
21. Na3 Nbc6 22. Rfb1 Rhc8 23. b4 cxb3 24. Nxb3 Nxb3 25. Rxb3 Na5 26. Rb2 Rxc3 27. Nb5 Rc4 28. Be3 Kc6 29. Bd2 a6 30. Nd6 Bxd6
31. exd6 Rxd4 32. Be3 Re4 33. Rxb6+ Kd7 34. Bf2 Rxf4 35. Bg3 Rf3 36. Kg2 Rb3 37. Rb1 Rxb1
0-1

[Event "mature men 11"]
[Site "SchemingMind.com"]
[Date "2007.01.23"]
[Round "-"]
[White "_keyes"]
[Black "simon_w"]
[Result "1-0"]
[WhiteCountry "ENG"]
[BlackCountry "IRL"]
[WhiteElo "1793"]
[WhiteRD "68"]
[BlackElo "1719"]
[BlackRD "66"]
[GameID "87682"]

1. d4 d5 2. c4 dxc4 3. Nf3 f6 4. e4 e5 5. d5 b5 6. a4 b4 7. Bxc4 a5 8. O-O Bd6 9. Be3 Ne7 10. Nbd2 f5
11. Bg5 f4 12. Nb3 h6 13. Bxe7 Qxe7 14. Nfd2 O-O 15. Qe2 f3 16. Nxf3 Bg4 17. Nbd2 Nd7 18. h3 Bxf3 19. Nxf3 Kh8 20. Rae1 Nc5
21. b3 Rac8 22. Nh2 Rf4 23. Qc2 c6 24. dxc6 Rxc6 25. g3 g5 26. gxf4 gxf4 27. f3 Qh4 28. Re2 Qxh3 29. Rg2 Be7 30. Rg8+ Kh7
31. Qg2 Qxg2+ 32. Kxg2 Nxa4 33. Re8 Bf6 34. Bg8+
1-0

[Event "mature men 11"]
[Site "SchemingMind.com"]
[Date "2007.01.22"]
[Round "-"]
[White "_keyes"]
[Black "daraimeister"]
[Result "0-1"]
[WhiteCountry "ENG"]
[BlackCountry "HUN"]
[WhiteElo "1838"]
[WhiteRD "85"]
[BlackElo "1738"]
[BlackRD "81"]
[GameID "87683"]

1. d4 Nf6 2. c4 e5 3. e3 Bb4+ 4. Nc3 d5 5. Ne2 Nc6 6. a3 Bxc3+ 7. bxc3 exd4 8. Nxd4 Nxd4 9. exd4 O-O 10. Be3 Bg4
11. Qc2 Rc8 12. Bd3 h6 13. O-O dxc4 14. Bxc4 c6 15. h3 Bh5 16. Bd3 b5 17. Bf5 Rc7 18. g4 Bg6 19. Bxg6 fxg6 20. Qxg6 Kh8
21. Rae1 Nd5 22. Bd2 Rcf7 23. Re6 Rf6 24. Qe4 Rxe6 25. Qd3 Rfe8
0-1

[Event "mature men 11"]
[Site "SchemingMind.com"]
[Date "2007.01.22"]
[Round "-"]
[White "_keyes"]
[Black "ekulrac"]
[Result "0-1"]
[WhiteCountry "ENG"]
[BlackCountry "SCO"]
[WhiteElo "1838"]
[WhiteRD "85"]
[BlackElo "1712"]
[BlackRD "49"]
[GameID "87684"]

1. d4 Nf6 2. c4 g6 3. Nc3 Bg7 4. e4 d6 5. f3 O-O 6. Be3 Nc6 7. Nge2 e5 8. d5 Nb4 9. a3 Na6 10. Qd2 Nc5
11. Nc1 a5 12. Be2 b6 13. O-O Nh5 14. g4 Nf4 15. Bxf4 exf4 16. Qxf4 Bd4+ 17. Kh1 a4 18. Qd2 Qf6 19. g5 Bxc3 20. bxc3 Qe7
21. Ra2 Bd7 22. h4 Qe5 23. Rg1 Nxe4 24. fxe4 Qxe4+ 25. Kh2 Qxh4+ 26. Kg2 Bh3+ 27. Kf3 f6 28. Nd3 fxg5+
0-1

[Event "mature men 11"]
[Site "SchemingMind.com"]
[Date "2007.01.22"]
[Round "-"]
[White "_keyes"]
[Black "badbishop"]
[Result "0-1"]
[WhiteCountry "ENG"]
[BlackCountry "POL"]
[WhiteElo "1827"]
[WhiteRD "74"]
[BlackElo "2201"]
[BlackRD "88"]
[GameID "87685"]

1. d4 Nf6 2. c4 g6 3. Nc3 Bg7 4. e4 d6 5. f3 c6 6. Be3 a6 7. Qd2 b5 8. O-O-O Qa5 9. b3 Nbd7 10. Bd3 bxc4
11. Bxc4 Nb6 12. Bd3 Nfd7 13. Nge2 c5 14. dxc5 Nxc5 15. Bxc5 Qxc5 16. Kb1 O-O 17. Rc1 Qa3 18. Qb2 Qxb2+ 19. Kxb2 Bd7 20. Kb1 Rfc8
21. Rc2 a5 22. Rhc1 h5 23. Nd5 Nxd5 24. exd5 h4 25. Rxc8+ Rxc8 26. Rxc8+ Bxc8 27. a3 Kf8 28. Kc2 Ke8 29. b4 axb4 30. axb4 Kd8
31. Nc3 h3 32. g3 Bd4 33. Ne2 Bf2 34. g4 Kc7 35. Nf4 Bg1 36. Nxh3 Bxh2 37. Nf2 Bb7 38. Bc4 Bc8 39. Kd3= e6 40. Nd1 Kd7
41. Nc3 Bb7 42. dxe6+ fxe6 43. Ne4 Bg1 44. Ng5 d5 45. Bb5+ Ke7 46. Nh3 Bb6 47. Ke2 e5 48. Nf2 Bxf2 49. Kxf2 g5 50. Ke2 Kd6
51. Kd2 Kc7 52. Be2 Kb6 53. Kc3 Ba6 54. Bd1 Bc4 55. Kb2 d4 56. Ka3 Bf1 57. Kb3 Kb5 58. Ka3 Kc4 59. Ka4 d3 60. b5 Be2
61. Bb3+ Kc3 62. b6 Bxf3
0-1

[Event "mature men 11"]
[Site "SchemingMind.com"]
[Date "2007.01.23"]
[Round "-"]
[White "simon_w"]
[Black "_keyes"]
[Result "0-1"]
[WhiteCountry "IRL"]
[BlackCountry "ENG"]
[WhiteElo "1719"]
[WhiteRD "66"]
[BlackElo "1793"]
[BlackRD "68"]
[GameID "87686"]

1. e4 c5 2. Bc4 e6 3. Nc3 a6 4. a4 d6 5. d3 Nc6 6. Be3 Nf6 7. Bg5 Be7 8. h3 Qc7 9. Nge2 Bd7 10. Bxf6 Bxf6
11. Qd2 Rc8 12. O-O Nd4 13. e5 Bxe5 14. Rfe1 O-O 15. Ba2 d5 16. Nxd4 Bxd4 17. Ne2 Bxb2 18. Rab1 Bf6 19. a5 Bd8 20. Rb3 Bc6
21. d4 Qxa5 22. c3 c4 23. Rb2 Qc7 24. Bb1 Bf6 25. Nf4 g6 26. g3 Bg7 27. h4 h5 28. Nxh5 gxh5 29. Qg5 f5 30. Rxe6 Qf7
31. Rh6 Be8 32. Re2 Rc6 33. Re7 Rxh6 34. Rxf7 Rxf7 35. Bxf5 Rf8 36. Bh3 Rhf6 37. Qxd5+ Kh8 38. Qxb7 Bc6 39. Qxa6 Bg2 40. Qxc4 Bxh3
41. Qc5 Bg4 42. Kf1 Rxf2+
0-1

[Event "mature men 11"]
[Site "SchemingMind.com"]
[Date "2007.01.22"]
[Round "-"]
[White "daraimeister"]
[Black "_keyes"]
[Result "0-1"]
[WhiteCountry "HUN"]
[BlackCountry "ENG"]
[WhiteElo "1714"]
[WhiteRD "86"]
[BlackElo "1813"]
[BlackRD "71"]
[GameID "87687"]

1. Nf3 c5 2. e4 d6 3. d4 cxd4 4. Nxd4 Nf6 5. Nc3 a6 6. Bc4 e6 7. O-O Qc7 8. Bb3 Be7 9. Bg5 h6 10. Bh4 Bd7
11. f4 O-O 12. Qe1 Nc6 13. Nxc6 Bxc6 14. e5 Ne8 15. f5 Bxh4 16. Qxh4 exf5 17. Rxf5 dxe5 18. Raf1 Nd6 19. Rxe5 Be8 20. Nd5 Qd8
21. Qg3 b5 22. Ne7+ Kh7 23. c3 Ra7 24. Bc2+ f5 25. Nxf5 Nxf5 26. Bxf5+ Kh8 27. Ree1 Raf7 28. Qd3 Qb6+ 29. Kh1 Bc6 30. Bh3 Rxf1+
31. Rxf1 Rxf1+ 32. Qxf1 Qd8 33. Kg1 Qe7 34. Qf2 Bd5 35. b3 Kg8 36. g3 g6 37. Bg2 Be6 38. Qe3 g5 39. Bd5 Kf7 40. Bxe6+ Qxe6
41. Qxe6+ Kxe6 42. Kf2 Ke5 43. Ke3 Kd5
0-1

[Event "mature men 11"]
[Site "SchemingMind.com"]
[Date "2007.01.22"]
[Round "-"]
[White "ekulrac"]
[Black "_keyes"]
[Result "0-1"]
[WhiteCountry "SCO"]
[BlackCountry "ENG"]
[WhiteElo "1712"]
[WhiteRD "49"]
[BlackElo "1838"]
[BlackRD "85"]
[GameID "87688"]

1. e4 c5 2. Nf3 d6 3. Bc4 e6 4. d4 cxd4 5. Nxd4 a6 6. a4 Qc7 7. Bd3 Nf6 8. O-O Be7 9. f4 O-O 10. Nc3 Nbd7
11. Rf3 b6 12. Rg3 Bb7 13. e5 dxe5 14. fxe5 Qxe5 15. Rh3 Qxd4+ 16. Be3 Qb4 17. Bxh7+ Nxh7
0-1

[Event "mature men 11"]
[Site "SchemingMind.com"]
[Date "2007.01.22"]
[Round "-"]
[White "badbishop"]
[Black "_keyes"]
[Result "1-0"]
[WhiteCountry "POL"]
[BlackCountry "ENG"]
[WhiteElo "2019"]
[WhiteRD "124"]
[BlackElo "1838"]
[BlackRD "85"]
[GameID "87689"]

1. d4 Nf6 2. c4 e6 3. Nc3 Bb4 4. e3 c5 5. Nf3 Bxc3+ 6. bxc3 b6 7. Bd3 Bb7 8. O-O d6 9. Qe2 O-O 10. e4 Nc6
11. Bg5 h6 12. Bh4 g5 13. Bg3 Qe7 14. e5 dxe5 15. Nxe5 Nxe5 16. Bxe5 Nd7 17. Bg3 Nf6 18. f4 cxd4 19. fxg5 hxg5 20. Be5 Nd7
21. Bh7+
1-0

[Event "mature men 11"]
[Site "SchemingMind.com"]
[Date "2007.01.30"]
[Round "-"]
[White "Mekk"]
[Black "_keyes"]
[Result "1-0"]
[WhiteCountry "POL"]
[BlackCountry "ENG"]
[WhiteElo "1807"]
[WhiteRD "57"]
[BlackElo "1793"]
[BlackRD "68"]
[GameID "88613"]

1. e4 c5 2. Nf3 d6 3. d4 cxd4 4. Nxd4 Nf6 5. Nc3 a6 6. Be3 e5 7. Nb3 Be6 8. f3 Be7 9. Qd2 Qc7 10. O-O-O Nbd7
11. g4 Rc8 12. Kb1 b5 13. g5 Nh5 14. Nd5 Bxd5 15. exd5 O-O 16. Bh3 Rfd8 17. Bg4 Nf4 18. Bxf4 exf4 19. h4 Bf8 20. Nd4 g6
21. h5 Rb8 22. Nc6 Ne5 23. Nxd8 Rxd8 24. h6 Nxg4 25. fxg4 Rc8 26. Rhf1 Be7 27. Qxf4 Qxc2+ 28. Ka1 Rf8 29. Rc1 Qd3 30. Rc7 Bxg5
31. Qxf7+ Rxf7 32. Rc8+
1-0

[Event "mature men 11"]
[Site "SchemingMind.com"]
[Date "2007.01.30"]
[Round "-"]
[White "Mekk"]
[Black "simon_w"]
[Result "1-0"]
[WhiteCountry "POL"]
[BlackCountry "IRL"]
[WhiteElo "1840"]
[WhiteRD "59"]
[BlackElo "1697"]
[BlackRD "71"]
[GameID "88614"]

1. e4 e5 2. Nf3 d6 3. d4 Nf6 4. dxe5 Nxe4 5. Qd5 Nc5 6. Bg5 Be7 7. exd6 Qxd6 8. Nc3 Bxg5 9. Qxd6 cxd6 10. Nxg5 O-O
11. O-O-O Rd8 12. Nb5 h6 13. Nf3 Ne4 14. Nc7 Nxf2 15. Bc4 Nxh1 16. Rxh1 Bf5 17. Nxa8 Rc8 18. Bb3 Na6 19. Nd4 Bg6 20. Nb5 d5
21. Nxa7 Rxa8 22. Nb5 Be4 23. Rg1 Nc5 24. Kd2 Nxb3+ 25. axb3 Ra6 26. g3 Rf6 27. Re1 Rf2+ 28. Re2 Rxe2+ 29. Kxe2 Bxc2 30. b4 g5
31. Nd6 b6 32. Nc8 f5 33. Ne7+ Kf7 34. Nxd5 b5 35. Nc3 Bb3 36. Ke3 Bc4 37. b3 Bxb3 38. Nxb5 Ba4 39. Nd4 Kf6 40. Nf3 g4
41. Nh4 Kg5 42. Ng2 h5 43. Nf4 h4 44. Ng2 h3 45. Nf4 Kf6 46. Kd4 Bd7 47. Kd5 Ke7= 48. Ke5 Kf7 49. b5 Bxb5 50. Kxf5 Bd7+
51. Kg5 Ke7 52. Nd5+ Ke6 53. Nf6 Bc8 54. Nxg4 Kd5 55. Nf2 Kd4 56. Kh4 Ke3 57. Nxh3
1-0

[Event "mature men 11"]
[Site "SchemingMind.com"]
[Date "2007.01.26"]
[Round "-"]
[White "Mekk"]
[Black "daraimeister"]
[Result "1-0"]
[WhiteCountry "POL"]
[BlackCountry "HUN"]
[WhiteElo "1767"]
[WhiteRD "63"]
[BlackElo "1738"]
[BlackRD "81"]
[GameID "88615"]

1. e4 e5 2. Nf3 Nc6 3. Bb5 f5 4. Nc3 Nf6 5. exf5 Bc5 6. O-O O-O 7. Nxe5 Bxf2+ 8. Rxf2 Nxe5 9. d4 Nf7 10. Bf4 c6
11. Bd3 d5 12. Be5 Nh6 13. h3 Ne4 14. Nxe4 dxe4 15. Bxe4 Nxf5 16. Qg4 g6 17. Raf1
1-0

[Event "mature men 11"]
[Site "SchemingMind.com"]
[Date "2007.01.25"]
[Round "-"]
[White "Mekk"]
[Black "ekulrac"]
[Result "1-0"]
[WhiteCountry "POL"]
[BlackCountry "SCO"]
[WhiteElo "1767"]
[WhiteRD "63"]
[BlackElo "1712"]
[BlackRD "49"]
[GameID "88616"]

1. e4 Nc6 2. d4 e5 3. d5 Nce7 4. Nf3 Ng6 5. c4 Bb4+ 6. Nbd2 Bxd2+ 7. Bxd2 d6 8. Bd3 Nf6 9. h3 O-O 10. O-O Re8
11. b4 Nh5 12. Kh2 Nhf4 13. Bxf4 Nxf4 14. Ng1 Nxd3 15. Qxd3 f5 16. exf5 e4 17. Qd4 Bxf5 18. Rfe1 Qg5 19. Re3 Bg6 20. Ne2 Re5
21. Re1 Rf8 22. Ng3 Qf4 23. R3e2 h5 24. Kg1 h4 25. Nxe4 Bh5 26. f3 Rfe8 27. Qe3 Qf5 28. Qf2 g5 29. c5 Kf8 30. cxd6 cxd6
31. Nxd6 Rxe2 32. Rxe2 Rxe2 33. Nxf5 Rxf2 34. Kxf2 Bf7 35. Ne3 Ke7 36. g3 hxg3+ 37. Kxg3 b5 38. Kg4 Kf6 39. f4 gxf4 40. Kxf4 Bh5
41. Ng4+
1-0

[Event "mature men 11"]
[Site "SchemingMind.com"]
[Date "2007.01.29"]
[Round "-"]
[White "Mekk"]
[Black "badbishop"]
[Result "0-1"]
[WhiteCountry "POL"]
[BlackCountry "POL"]
[WhiteElo "1807"]
[WhiteRD "57"]
[BlackElo "2151"]
[BlackRD "83"]
[GameID "88617"]

1. e4 c6 2. d4 d5 3. exd5 cxd5 4. c4 e5 5. dxe5 d4 6. Nf3 Nc6 7. Bd3 Nxe5 8. Qe2 f6 9. Bf4 Bd6 10. Nbd2 Qe7
11. Bxe5 fxe5 12. O-O Nf6 13. c5 Bxc5 14. Bb5+ Bd7 15. Rfe1 O-O 16. Nxe5 Bxb5 17. Qxb5 Qd6 18. Rac1 Bb6 19. Ndc4 Qd5 20. Qxd5+ Nxd5
21. Nd7 Rfd8 22. Ndxb6 axb6 23. a3 b5 24. Nd2 Rd7 25. Kf1 b4 26. Nb1 Kf7 27. Rc4 bxa3 28. bxa3 Nb6 29. Rb4 Na4 30. Rd1 d3
31. Rb3 Nc5 32. Rb5 Ne6 33. Rb3 Rad8 34. Nd2 Nc5 35. Rb5 Na4 36. Rc1 Re8 37. Re1 Rxe1+ 38. Kxe1 Re7+ 39. Kf1 Re2 40. Rxb7+ Kf6
41. Nf3 Rc2 42. Ke1 Nc3 43. Rd7 d2+
0-1

[Event "mature men 11"]
[Site "SchemingMind.com"]
[Date "2007.01.30"]
[Round "-"]
[White "_keyes"]
[Black "Mekk"]
[Result "0-1"]
[WhiteCountry "ENG"]
[BlackCountry "POL"]
[WhiteElo "1793"]
[WhiteRD "68"]
[BlackElo "1807"]
[BlackRD "57"]
[GameID "88618"]

1. d4 Nf6 2. c4 g6 3. Nc3 d5 4. cxd5 Nxd5 5. e4 Nxc3 6. bxc3 Bg7 7. Nf3 c5 8. Be2 Nc6 9. Be3 Bg4 10. Rb1 Bxf3
11. Bxf3 cxd4 12. cxd4 Bxd4 13. Bxd4 Nxd4 14. Qa4+ b5 15. Qd1 Qa5+ 16. Qd2 Qxd2+ 17. Kxd2 Nxf3+ 18. gxf3 Rb8 19. Rhc1 Kd7 20. Rc5 a6
21. Ke3 Rhc8 22. Rd5+ Ke6 23. Rb3 Rd8 24. Rg5 f6 25. Rg1 Rbc8 26. a4 bxa4 27. Ra3 Rc4 28. Rb1 Rdc8 29. Rb6+ R8c6 30. Rxc6+ Rxc6
31. Rxa4 f5 32. h4 Kf6 33. Ra2 e6 34. Ra3 g5 35. hxg5+ Kxg5 36. f4+ Kg6 37. e5 h5 38. Kd2 h4 39. Rh3 Kh5 40. f3 a5
41. Rh1 a4 42. Ra1 Ra6 43. Kc3 h3 44. Kb2 Kh4 45. Rg1 h2
0-1

[Event "mature men 11"]
[Site "SchemingMind.com"]
[Date "2007.01.30"]
[Round "-"]
[White "simon_w"]
[Black "Mekk"]
[Result "1-0"]
[WhiteCountry "IRL"]
[BlackCountry "POL"]
[WhiteElo "1719"]
[WhiteRD "66"]
[BlackElo "1807"]
[BlackRD "57"]
[GameID "88619"]

1. e4 c5 2. Bc4 d6 3. d3 Nf6 4. Be3 Nc6 5. h3 e6 6. Bb5 Bd7 7. c4 a6 8. Bxc6 Bxc6 9. Nf3 Be7 10. O-O Qc7
11. a3 O-O 12. b4 b5 13. bxc5 dxc5 14. Nbd2 Rfd8 15. e5 Nd7 16. Bf4 Nb6 17. Qe2 b4 18. Ne4 a5 19. Rfd1 b3 20. Nfg5 h6
21. Nxf7 Kxf7 22. Qh5+ Kg8 23. Qg6 Bxe4 24. dxe4 Qc6 25. Bxh6 Bf8 26. Rxd8 Rxd8 27. f4 Nxc4 28. f5 Nxe5 29. Qg3 Nf7 30. Bxg7 Qxe4
31. Bf6+ Ng5 32. Qxg5+
1-0

[Event "mature men 11"]
[Site "SchemingMind.com"]
[Date "2007.01.26"]
[Round "-"]
[White "daraimeister"]
[Black "Mekk"]
[Result "1/2-1/2"]
[WhiteCountry "HUN"]
[BlackCountry "POL"]
[WhiteElo "1738"]
[WhiteRD "81"]
[BlackElo "1767"]
[BlackRD "63"]
[GameID "88620"]

1. Nf3 d5 2. g3 Nf6 3. Bg2 Nc6 4. d4 Bf5 5. c3 e6 6. Bf4 Bd6 7. Ne5 Nh5 8. Nxc6 bxc6 9. Bxd6 cxd6 10. O-O Nf6
11. Nd2 O-O 12. Qa4 Qb6 13. b4 a5 14. Qb3 e5 15. dxe5 dxe5 16. a3 Rfb8 17. e4 Be6 18. exd5 Bxd5 19. Bxd5 cxd5 20. Qd1 d4
21. cxd4 exd4 22. bxa5 Qxa5 23. Nf3 Qc3 24. Kg2 Rxa3 25. Rxa3=
1/2-1/2

[Event "mature men 11"]
[Site "SchemingMind.com"]
[Date "2007.01.25"]
[Round "-"]
[White "ekulrac"]
[Black "Mekk"]
[Result "0-1"]
[WhiteCountry "SCO"]
[BlackCountry "POL"]
[WhiteElo "1712"]
[WhiteRD "49"]
[BlackElo "1767"]
[BlackRD "63"]
[GameID "88621"]

1. Nf3 d5 2. d4 Nf6 3. c4 c6 4. e3 e6 5. Nc3 Nbd7 6. Bd3 dxc4 7. Bxc4 b5 8. Bd3 Bb7 9. O-O a6 10. Re1 c5
11. e4 cxd4 12. Nd5 Bc5 13. Nf4 O-O 14. Nh3 e5 15. Kh1 h6 16. Bd2 Qe7 17. g3 Nb6 18. Nh4 Bc8 19. Nf5 Bxf5 20. exf5 e4
21. Bxe4 Nxe4 22. f3 Nxg3+ 23. hxg3 Qb7 24. Kg2 Rfe8 25. Qc2 Bf8 26. f6 g6 27. Re4 Rxe4 28. Qxe4 Qxe4 29. fxe4 Nc4
0-1

[Event "mature men 11"]
[Site "SchemingMind.com"]
[Date "2007.01.29"]
[Round "-"]
[White "badbishop"]
[Black "Mekk"]
[Result "1-0"]
[WhiteCountry "POL"]
[BlackCountry "POL"]
[WhiteElo "2151"]
[WhiteRD "83"]
[BlackElo "1807"]
[BlackRD "57"]
[GameID "88622"]

1. d4 Nf6 2. c4 g6 3. Nc3 Bg7 4. e4 d6 5. Be2 O-O 6. Bg5 c6 7. Qd2 a6 8. Rd1 b5 9. a3 bxc4 10. Bxc4 Nxe4
11. Nxe4 d5 12. Bd3 dxe4 13. Bxe4 Ra7 14. Nf3 Be6 15. O-O Rd7 16. Bh6 Bd5 17. Rfe1 Re8 18. Qf4 Bxe4 19. Rxe4 Rd5 20. Rc1 Rf5
21. Qe3 Qd5 22. Bxg7 Kxg7 23. Rxe7 Rxe7 24. Qxe7 Nd7 25. Qe3 c5 26. Qc3 cxd4 27. Nxd4 Rf6 28. Nc6 Qf5 29. Qd4 Qf4 30. Qxf4 Rxf4
31. f3 Rf6 32. Kf2 Rd6 33. Ke2 f6 34. b4 Nb6 35. Nb8 Nd5 36. Rc6 Rxc6 37. Nxc6 Kf7 38. Nb8 Nc7 39. Kd3 Ke6 40. Kc4 Kd6
41. a4 h5 42. h4 g5 43. g3 gxh4 44. gxh4 f5 45. a5 Ke5 46. Nxa6 Nxa6 47. b5 Nc7 48. b6 Na6 49. Kb5
1-0